[Event "HUN-chT2 0102"]
[Site "Hungary"]
[Date "2002.04.07"]
[Round "10"]
[White "Palotai, Piroska"]
[Black "Bors, Sandor"]
[Result "1-0"]
[WhiteElo "2059"]
[BlackElo "2217"]
[PlyCount "47"]
[EventDate "2001.??.??"]
[EventType "team"]
[EventRounds "11"]
[EventCountry "HUN"]
[SourceTitle "EXT 2004"]
[Source "ChessBase"]
[SourceDate "2003.11.25"]
[SourceVersion "1"]
[SourceVersionDate "2003.11.25"]
[SourceQuality "1"]

1. e4 d6 2. Nc3 e5 3. Nf3 Nf6 4. d4 Nbd7 5. Bc4 h6 6. 0-0 Be7 7. Re1 0-0 8. Nd5 Nxd5 9. exd5 Bf6 10. Bb3 Re8 11. Be3 c6 12. h3 cxd5 13. dxe5 dxe5 14. Qxd5 Rf8 15. Rad1 Qc7 16. c3 Nb6 17. Qe4 Re8 18. Nh2 Be6 19. Ng4 Bxg4 20. Qxg4 Kf8 21. Qf5 Qc6 22. Bxb6 g6 23. Qd7 Qxd7 24. Rxd7 1-0

[Event "HUN-chT2 0102"]
[Site "Hungary"]
[Date "2002.03.03"]
[Round "8"]
[White "Szakony, Laszlo"]
[Black "Palotai, Piroska"]
[Result "1-0"]
[WhiteElo "2235"]
[BlackElo "2059"]
[PlyCount "63"]
[EventDate "2001.??.??"]
[EventType "team"]
[EventRounds "11"]
[EventCountry "HUN"]
[SourceTitle "EXT 2004"]
[Source "ChessBase"]
[SourceDate "2003.11.25"]
[SourceVersion "1"]
[SourceVersionDate "2003.11.25"]
[SourceQuality "1"]

1. b3 d5 2. e3 c5 3. Bb2 Nc6 4. Nf3 Bg4 5. Bb5 e6 6. h3 Bh5 7. 0-0 Nf6 8. d3 Bd6 9. Nbd2 0-0 10. Bxc6 bxc6 11. e4 Bf4 12. Qe1 Nd7 13. g3 Bxd2 14. Nxd2 e5 15. f4 exf4 16. gxf4 f5 17. Qg3 d4 18. e5 Nb6 19. Ba3 Qd5 20. Nc4 Rae8 21. Qg2 Re6 22. Kf2 Rg6 23. Qxd5+ cxd5 24. Nd6 Nd7 25. Rg1 Re6 26. b4 c4 27. b5 Rb8 28. Nxf5 g6 29. Nxd4 Reb6 30. Bd6 Re8 31. a4 Kh8 32. a5 1-0

[Event "HUN-chT2 0102"]
[Site "Hungary"]
[Date "2002.02.10"]
[Round "7"]
[White "Palotai, Piroska"]
[Black "Papp, Mario"]
[Result "1-0"]
[WhiteElo "2059"]
[BlackElo "2088"]
[PlyCount "41"]
[EventDate "2001.??.??"]
[EventType "team"]
[EventRounds "11"]
[EventCountry "HUN"]
[SourceTitle "EXT 2004"]
[Source "ChessBase"]
[SourceDate "2003.11.25"]
[SourceVersion "1"]
[SourceVersionDate "2003.11.25"]
[SourceQuality "1"]

1. e4 Nf6 2. Nc3 d5 3. exd5 Nxd5 4. Bc4 Nxc3 5. Qf3 e6 6. Qxc3 Nd7 7. Nf3 Nf6 8. 0-0 Be7 9. d4 0-0 10. Re1 Nd5 11. Qb3 b6 12. Be3 Bb7 13. Rad1 Bf6 14. c3 Ne7 15. Ne5 Nf5 16. Bxe6 Nh6 17. Bxh6 Bxe5 18. Rxe5 Qf6 19. Bg5 Qg6 20. Bf5 Qxg5 21. Bxh7+ 1-0

[Event "HUN-chT2 0102"]
[Site "Hungary"]
[Date "2002.01.27"]
[Round "6"]
[White "Palotai, Piroska"]
[Black "Meszaros, Matyas"]
[Result "1/2-1/2"]
[WhiteElo "2059"]
[BlackElo "2191"]
[PlyCount "87"]
[EventDate "2001.??.??"]
[EventType "team"]
[EventRounds "11"]
[EventCountry "HUN"]
[SourceTitle "EXT 2004"]
[Source "ChessBase"]
[SourceDate "2003.11.25"]
[SourceVersion "1"]
[SourceVersionDate "2003.11.25"]
[SourceQuality "1"]

1. e4 c5 2. Nf3 e6 3. d4 cxd4 4. Nxd4 Nc6 5. Nc3 d6 6. Be2 Nf6 7. Be3 Be7 8. 0-0 0-0 9. Kh1 e5 10. Nb3 a5 11. a4 Bd7 12. f4 Nb4 13. Bf3 Qc7 14. Rf2 Bc6 15. Rd2 Rfe8 16. f5 d5 17. exd5 e4 18. dxc6 exf3 19. Qxf3 Qxc6 20. Qxc6 bxc6 21. Bb6 Rab8 22. Bxa5 Nxc2 23. Rxc2 Rxb3 24. Re1 Kf8 25. Rce2 Bb4 26. Bxb4+ Rxb4 27. Rxe8+ Nxe8 28. Re2 Nd6 29. f6 gxf6 30. h3 f5 31. Rd2 Ke7 32. a5 Ne4 33. Re2 Kd6 34. Re3 Nxc3 35. Rxc3 Ra4 36. Rd3+ Kc7 37. Rc3 Rxa5 38. b4 Rb5 39. Rf3 Kd6 40. Rf4 Ke5 41. Rc4 Kd6 42. Rf4 Ke6 43. Kh2 Re5 44. Rc4 1/2-1/2

[Event "HUN-chT2 Maroczy 0001"]
[Site "Hungary"]
[Date "2001.04.22"]
[Round "11"]
[White "Palotai, Piroska"]
[Black "Bogar, Attila"]
[Result "1-0"]
[WhiteElo "2039"]
[BlackElo "2210"]
[PlyCount "121"]
[EventDate "2000.11.26"]
[EventType "team"]
[EventRounds "11"]
[EventCountry "HUN"]
[SourceTitle "EXT 2007"]
[Source "ChessBase"]
[SourceDate "2006.11.23"]
[SourceVersion "1"]
[SourceVersionDate "2006.11.23"]
[SourceQuality "1"]
[WhiteTeam "Budapest Matador"]
[BlackTeam "Ujszasz"]
[WhiteTeamCountry "HUN"]
[BlackTeamCountry "HUN"]

1. e4 c6 2. c4 e6 3. Nc3 d5 4. cxd5 exd5 5. exd5 cxd5 6. Bb5+ Nc6 7. d4 Nf6 8. Nf3 a6 9. Ba4 Be7 10. Ne5 Bd7 11. Nxd7 Qxd7 12. 0-0 0-0 13. Bg5 h6 14. Bh4 Rfd8 15. a3 g5 16. Bg3 Qg4 17. Ne2 h5 18. h3 Qd7 19. Qd3 h4 20. Be5 Nxe5 21. dxe5 Qxa4 22. exf6 Bxf6 23. Nc3 Bxc3 24. Qxc3 Rac8 25. Qf6 Qf4 26. Qxf4 gxf4 27. Rac1 Rxc1 28. Rxc1 Rd7 29. Kf1 Kg7 30. Ke2 Kg6 31. Kf3 Kf5 32. Rc8 d4 33. Rc5+ Kg6 34. Kxf4 d3 35. Rc1 f5 36. Ke3 Rd5 37. Rd1 Rb5 38. b4 a5 39. bxa5 Rxa5 40. Rxd3 Re5+ 41. Kf3 Kg5 42. Rb3 Ra5 43. g3 hxg3 44. fxg3 b5 45. Ke3 Ra4 46. Kf2 Ra5 47. Ke2 f4 48. gxf4+ Kxf4 49. Kd3 Ke5 50. Kc3 Kd6 51. Kb4 Ra8 52. Kxb5 Rb8+ 53. Kc4 Rc8+ 54. Kd4 Rh8 55. Kc4 Rh4+ 56. Kb5 Rh5+ 57. Kb6 Rh8 58. Rd3+ Ke5 59. a4 Rh6+ 60. Kc5 Rh4 61. Ra3 1-0

[Event "HUN-chT2 Maroczy 0001"]
[Site "Hungary"]
[Date "2000.12.03"]
[Round "2"]
[White "Palotai, Piroska"]
[Black "Olah, Sandor"]
[Result "1-0"]
[WhiteElo "2039"]
[BlackElo "2047"]
[PlyCount "101"]
[EventDate "2000.11.26"]
[EventType "team"]
[EventRounds "11"]
[EventCountry "HUN"]
[SourceTitle "EXT 2007"]
[Source "ChessBase"]
[SourceDate "2006.11.23"]
[SourceVersion "1"]
[SourceVersionDate "2006.11.23"]
[SourceQuality "1"]
[WhiteTeam "Budapest Matador"]
[BlackTeam "Matra"]
[WhiteTeamCountry "HUN"]
[BlackTeamCountry "HUN"]

1. e4 c5 2. Nf3 Nc6 3. d4 cxd4 4. Nxd4 g6 5. Nxc6 bxc6 6. Qd4 Nf6 7. e5 Nd5 8. c4 Nc7 9. e6 f6 10. exd7+ Qxd7 11. Qxd7+ Bxd7 12. Nc3 e5 13. f4 exf4 14. Bxf4 Ne6 15. Be3 Bb4 16. Rc1 0-0 17. a3 Bc5 18. Bxc5 Nxc5 19. b4 Rfe8+ 20. Kf2 Ne4+ 21. Nxe4 Rxe4 22. Bd3 Rf4+ 23. Ke3 g5 24. Rhf1 Re8+ 25. Kd2 Rxf1 26. Rxf1 Kg7 27. Rf3 h5 28. Re3 Kf7 29. Rxe8 Bxe8 30. Bf5 Ke7 31. Ke3 Bd7 32. Ke4 Be6 33. Bxe6 Kxe6 34. Kd4 f5 35. b5 c5+ 36. Kxc5 Ke5 37. b6 axb6+ 38. Kxb6 f4 39. c5 g4 40. c6 f3 41. gxf3 gxf3 42. c7 f2 43. c8Q f1Q 44. Qc5+ Ke6 45. Qxh5 Qf2+ 46. Ka6 Qf1+ 47. Qb5 Qh3 48. Qc6+ Ke7 49. Qc7+ Kf8 50. Qd6+ Kg8 51. Qg3+ 1-0

[Event "EU-ch U20 Girls"]
[Site "Aviles"]
[Date "2000.08.27"]
[Round "11"]
[White "Srebrnic, Ana"]
[Black "Palotai, Piroska"]
[Result "1-0"]
[WhiteElo "2174"]
[BlackElo "2039"]
[PlyCount "107"]
[EventDate "2000.08.18"]
[EventType "swiss"]
[EventRounds "11"]
[EventCountry "ESP"]
[SourceTitle "CBM 077 Extra"]
[Source "ChessBase"]
[SourceDate "2000.09.14"]
[SourceVersion "1"]
[SourceVersionDate "2000.09.14"]
[SourceQuality "1"]

1. e4 e5 2. Bc4 Nf6 3. d3 Nc6 4. Nc3 Be7 5. f4 exf4 6. Bxf4 d6 7. Nf3 Na5 8. Bb3 c6 9. Bxf7+ Kxf7 10. b4 Rf8 11. bxa5 Qxa5 12. Bd2 Qh5 13. Ne2 Kg8 14. 0-0 Ng4 15. Ng3 Qg6 16. Qe2 Bd8 17. Kh1 h5 18. Qe1 Bf6 19. Rb1 h4 20. Ne2 h3 21. g3 Ne5 22. Nxe5 Bxe5 23. Rxf8+ Kxf8 24. Bf4 Qf7 25. Qf1 Ke8 26. d4 Bxf4 27. Qxf4 Qxf4 28. Nxf4 b6 29. Kg1 Ke7 30. Rf1 Bd7 31. Ng6+ Ke6 32. Nf8+ Ke7 33. Nxd7 Kxd7 34. Rf7+ Ke6 35. Rxg7 c5 36. Rg6+ Ke7 37. d5 b5 38. Re6+ Kd7 39. Rh6 Ke7 40. Rxh3 Kf6 41. Rh5 Re8 42. Rh6+ Ke5 43. c3 b4 44. cxb4 cxb4 45. Re6+ Rxe6 46. dxe6 Kxe6 47. Kf2 d5 48. exd5+ Kxd5 49. Ke3 Kc4 50. Kd2 a5 51. Kc2 a4 52. h4 Kd4 53. h5 Ke5 54. g4 1-0

[Event "EU-ch U20 Girls"]
[Site "Aviles"]
[Date "2000.08.26"]
[Round "10"]
[White "Ornstein, Petra"]
[Black "Palotai, Piroska"]
[Result "0-1"]
[WhiteElo "2095"]
[BlackElo "2039"]
[PlyCount "78"]
[EventDate "2000.08.18"]
[EventType "swiss"]
[EventRounds "11"]
[EventCountry "ESP"]
[SourceTitle "CBM 077 Extra"]
[Source "ChessBase"]
[SourceDate "2000.09.14"]
[SourceVersion "1"]
[SourceVersionDate "2000.09.14"]
[SourceQuality "1"]

1. e4 e5 2. Nf3 Nc6 3. Nc3 Nf6 4. g3 d5 5. exd5 Nxd5 6. Bg2 Nde7 7. h3 g6 8. d3 Bg7 9. Ne4 h6 10. Be3 Nf5 11. Bc5 b6 12. Ba3 Bb7 13. 0-0 Nfe7 14. Re1 0-0 15. g4 Re8 16. g5 Nd5 17. gxh6 Bxh6 18. Nh2 f5 19. Ng3 Nf4 20. Bf1 Nd4 21. c3 Nde6 22. Rxe5 Ng5 23. Rxe8+ Qxe8 24. Qb3+ Kg7 25. h4 Ngh3+ 26. Bxh3 Nxh3+ 27. Kf1 Qc6 28. f3 Qd7 29. c4 c5 30. Qc3+ Kf7 31. Rd1 Bg7 32. Qd2 Qd4 33. Qg2 Qxh4 34. Ne2 Be5 35. Nc3 Bg3 36. Ne2 Be5 37. Nc3 Rh8 38. Rd2 Ng5 39. Kg1 Qe1+ 0-1